|
|
|
|
| LEADER |
00859nam a2200229 u 4500 |
| 001 |
10017860 |
| 003 |
GR-PaULI |
| 005 |
20210117205131.0 |
| 008 |
881025s1994 uk eng |
| 952 |
|
|
|0 0
|1 0
|2 ddc
|4 0
|6 Π_621_384000000000000_RAD
|7 0
|9 169702
|a LISP
|b LISP
|c REF
|d 2016-04-24
|i 32464
|l 0
|o Π 621.384 RAD
|p 025000057018
|r 2016-04-24 00:00:00
|t 1
|v 2016.00
|w 2016-04-24
|y BKN
|
| 999 |
|
|
|c 106179
|d 106179
|
| 020 |
|
|
|a 1872309240
|
| 040 |
|
|
|a GR-PaULI
|c GR-PaULI
|b gre
|e AACR2
|
| 082 |
0 |
4 |
|a 621.384
|2 23
|
| 245 |
0 |
0 |
|a Radio communication handbook /
|c editor Dick Biddulph.
|
| 250 |
|
|
|a 6th ed.
|
| 260 |
|
|
|a Herts EN :
|b Radio Society of Great Britain,
|c 1994.
|
| 300 |
|
|
|a [763] σ. :
|b εικ. ;
|c 27 εκ.
|
| 650 |
|
4 |
|a Τηλεπικοινωνία
|9 357
|
| 700 |
1 |
|
|a Biddulph, Dick
|4
|9 140388
|e επιμελητής.
|
| 942 |
|
|
|2 ddc
|c BKN
|
| 998 |
|
|
|c ΜΠΟΥΡΑΣ
|d 2020-08
|